Online
Catalog

Geometría descriptiva / (Record no. 50892)

MARC details
000 -CABECERA
campo de control de longitud fija 01579nam a22004097a 4500
003 - IDENTIFICADOR DEL NÚMERO DE CONTROL
campo de control DO-SdBNP
005 - FECHA Y HORA DE LA ÚLTIMA TRANSACCIÓN
campo de control 20211109112942.0
007 - CAMPO FIJO DE DESCRIPCIÓN FÍSICA--INFORMACIÓN GENERAL
campo de control de longitud fija ta
008 - DATOS DE LONGITUD FIJA--INFORMACIÓN GENERAL
campo de control de longitud fija 211109b2018 a|||e |||| 001 0 spa d
020 ## - NÚMERO INTERNACIONAL ESTÁNDAR DEL LIBRO
Número Internacional Estándar del Libro 9789945580648
040 ## - FUENTE DE LA CATALOGACIÓN
Centro catalogador/agencia de origen DO-SdBNP
Lengua de catalogación spa
Centro/agencia transcriptor BNPHU
082 4# - NÚMERO DE LA CLASIFICACIÓN DECIMAL DEWEY
Número de edición 22
Número de clasificación 516.6
Número de documento/Ítem G345
245 10 - MENCIÓN DE TÍTULO
Título Geometría descriptiva /
Mención de responsabilidad, etc. Aura Salazar … [et.al] ; editor Lennys Tejada Betancourt
260 ## - PUBLICACIÓN, DISTRIBUCIÓN, ETC.
Lugar de publicación, distribución, etc. Santiago de los Caballeros, Rep. Dom. :
Nombre del editor, distribuidor, etc. UAPA,
Fecha de publicación, distribución, etc. 2018.
300 ## - DESCRIPCIÓN FÍSICA
Extensión 320 p. : (14 )
Otras características físicas il.;
Dimensiones 27 cm
490 ## - MENCIÓN DE SERIE
Mención de serie Autoaprendizaje
Designación de volumen o secuencia ; v.1
500 ## - NOTA GENERAL
Nota general Evaluación Pedagógica y del contenido.
504 ## - NOTA DE BIBLIOGRAFÍA, ETC.
Nota de bibliografía, etc. Incluye referencias bibliográficas.
505 ## - NOTA DE CONTENIDO CON FORMATO
Nota de contenido con formato Unidad 1. Conceptos geométricos fundamentales.
Título 1.1. Punto --
-- 1.2. Líneas --
-- 1.3. Planos --
505 ## - NOTA DE CONTENIDO CON FORMATO
Nota de contenido con formato Unidada II. Los Ängulos.
505 ## - NOTA DE CONTENIDO CON FORMATO
Nota de contenido con formato Unidad III. Paralelismo y Perpendicularidad.
505 ## - NOTA DE CONTENIDO CON FORMATO
Nota de contenido con formato Unidadad IV. Los Polígonos.
505 ## - NOTA DE CONTENIDO CON FORMATO
Nota de contenido con formato Unidad V. Ängulos formados entre Rectas y Planos.
505 ## - NOTA DE CONTENIDO CON FORMATO
Nota de contenido con formato Unidad VI. Superficies.
505 ## - NOTA DE CONTENIDO CON FORMATO
Nota de contenido con formato Unidad VIII. Los poliedros.
505 ## - NOTA DE CONTENIDO CON FORMATO
Nota de contenido con formato Respuestas a los ejercicios de autoevaluación bibliografía general.
590 ## - NOTA LOCAL (RLIN)
Nota local Inventariado, 2021 / SA
650 4# - PUNTO DE ACCESO ADICIONAL DE MATERIA--TÉRMINO DE MATERIA
9 (RLIN) 10297
Término de materia o nombre geográfico como elemento de entrada Geometría descriptiva
700 1# - PUNTO DE ACCESO ADICIONAL--NOMBRE DE PERSONA
Nombre de persona Salazar, Aura Marlene
9 (RLIN) 80537
700 1# - PUNTO DE ACCESO ADICIONAL--NOMBRE DE PERSONA
Nombre de persona Girón Villarroel, Thamara Gregoria
9 (RLIN) 80538
700 1# - PUNTO DE ACCESO ADICIONAL--NOMBRE DE PERSONA
Nombre de persona Salazar Aguirre, Engel Fernando
9 (RLIN) 80539
700 1# - PUNTO DE ACCESO ADICIONAL--NOMBRE DE PERSONA
Nombre de persona Núnez , Luis Alfredo
9 (RLIN) 80540
700 1# - PUNTO DE ACCESO ADICIONAL--NOMBRE DE PERSONA
Nombre de persona Vargas Villega, Elizabeth
9 (RLIN) 80541
700 1# - PUNTO DE ACCESO ADICIONAL--NOMBRE DE PERSONA
Nombre de persona Morales Urbina, Esther María
9 (RLIN) 80542
910 ## - DATOS DE OPCIÓN DEL USUARIO (OCLC)
Datos de opción del usuario Saquino
942 ## - ELEMENTOS DE PUNTO DE ACCESO ADICIONAL (KOHA)
Fuente del sistema de clasificación o colocación Dewey Decimal Classification
Tipo de ítem Koha Libro
Holdings
Estado de retiro Estado de pérdida Fuente del sistema de clasificación o colocación Restricciones de uso No para préstamo Código de colección Localización permanente Ubicación/localización actual Ubicación en estantería Fecha de adquisición Fuente de adquisición Total de préstamos Signatura topográfica completa Código de barras Fecha visto por última vez Número de copia Precio válido a partir de Tipo de ítem Koha Nota pública
    Dewey Decimal Classification   Préstamo en sala Monografías: Libros y Folletos Biblioteca Nacional Pedro Henríquez Ureña Dominicana En catalogación 21.03.2019 Donado   BNPHU DS 516.6 G345 2021-27915 09.11.2021 v.1, e.3 09.11.2021 Libro S/A
    Dewey Decimal Classification Excluido de préstamo   Monografías: Libros y Folletos Biblioteca Nacional Pedro Henríquez Ureña Patrimonio Dominicano En catalogación 21.03.2019 Donado   BNPHU PD 516.6 G345 2021-27913 09.11.2021 v.1 09.11.2021 Libro S/A
    Dewey Decimal Classification Excluido de préstamo   Monografías: Libros y Folletos Biblioteca Nacional Pedro Henríquez Ureña Patrimonio Dominicano En catalogación 21.03.2019 Donado   BNPHU PD 516.6 G345 2021-27914 09.11.2021 v.1, e.2 09.11.2021 Libro S/A

Powered by Koha